Efficacy of Balneo (SPA) Therapy in the Neck-shoulder Pain

Bibliographic Details
Main Authors: Larson, D. (Author), Čelko, J. (Author), Hänninen, O. (Author), Mrena, R. (Author), Buran, V. (Author)
Format: Article
Language:English

MARC

LEADER 00000nab a2200000ua 4500
001 vtls010852863
003 SK-MaSNL
005 20260304030113.0
008 250310s1995 xo |||||||||||||||||eng|
035 |a (urnnbn)urn:nbn:sk:snk:ar-a07e6b 
035 |a urn:nbn:sk:snk-ab6cru 
035 |a (uuid)edd8a84d-24c1-4df2-b9dc-cb3c6660a87e 
040 |a SNKBUCL  |b slo  |c SNKBUCL  |e AACR2 
041 0 |a eng 
044 |a xo  |c SK 
100 1 |a Larson, D.  |4 aut  |9 1308215 
245 1 0 |a Efficacy of Balneo (SPA) Therapy in the Neck-shoulder Pain  |c D. Larson, J. Čelko, O. Hänninen, R. Mrena, V. Buran 
700 1 |a Čelko, J.  |4 aut  |9 273748 
700 1 |a Hänninen, O.  |4 aut  |9 1066826 
700 1 |a Mrena, R.  |4 aut  |9 1308216 
700 1 |a Buran, V.  |4 aut  |9 1308217 
773 0 |t Eurorehab : časopis pre otázky experimentálnej a klinickej rehabilitácie, fyzikálnej medicíny a bioklimatológie  |g Roč. 5, č. 3 (1995), s. 141-147 
954 |a odborná, vedecká literatúra cudzojazyčná (svetová)  |2 lita 
954 |a odborná, vedecká literatúra pôvodná (slovenská)  |2 lita 
958 |a OND 
958 |a EUIPO 
958 |a article5 
999 |c 2631702  |d 2633632